LIBRARY & INFORMATION CENTRE, KCAET, TAVANUR

ONLINE PUBLIC ACCESS CATALOGUE (OPAC)

Normal view MARC view
  • ANIE JOHN S

Entry Personal Name

Number of records used in: 1

001 - CONTROL NUMBER

  • control field: 3756

003 - CONTROL NUMBER IDENTIFIER

  • control field: OSt

005 - DATE AND TIME OF LATEST TRANSACTION

  • control field: 20181024104115.0

008 - FIXED-LENGTH DATA ELEMENTS

  • fixed length control field: 181024|| aca||aabn | a|a d

040 ## - CATALOGING SOURCE

  • Original cataloging agency: OSt
  • Transcribing agency: OSt

100 ## - HEADING--PERSONAL NAME

  • Personal name: ANIE JOHN S

670 ## - SOURCE DATA FOUND

  • Source citation: Work cat.: (OSt)15050: ANIE JOHN S MANOJ P. K MOHAMED NIZAR U. A SATHYAN K, Development and testing of a semi mechanical ginger peeler
free website counter